Educating deaf child / (Record no. 128193)

MARC details
000 -LEADER
fixed length control field 00750nam a22002417a 4500
005 - DATE AND TIME OF LATEST TRANSACTION
control field 20170124110036.0
010 ## - LIBRARY OF CONGRESS CONTROL NUMBER
LC control number B-121771
020 ## - INTERNATIONAL STANDARD BOOK NUMBER
Terms of availability 450.00
International Standard Book Number 817625455
035 ## - SYSTEM CONTROL NUMBER
System control number B-121771
037 ## - SOURCE OF ACQUISITION
Source of stock number/acquisition Cen Lib/Ret
040 ## - CATALOGING SOURCE
Original cataloging agency DPL
Language of cataloging EN
082 ## - DEWEY DECIMAL CLASSIFICATION NUMBER
Classification number 371.912
Item number VIJ
100 ## - MAIN ENTRY--PERSONAL NAME
Personal name Vijay Pratap Singh
9 (RLIN) 17418
245 ## - TITLE STATEMENT
Title Educating deaf child /
Statement of responsibility, etc by Vijay Pratap Singh
260 ## - PUBLICATION, DISTRIBUTION, ETC. (IMPRINT)
Place of publication, distribution, etc New Delhi
Name of publisher, distributor, etc Sarup and Sons
Date of publication, distribution, etc 2004
270 ## - ADDRESS
Address 4740/23, Ansari Road Darya Ganj
City New Delhi
Postal code 110002
300 ## - PHYSICAL DESCRIPTION
Extent 254p.
Dimensions 22cm(Hb)
490 ## - SERIES STATEMENT
Series statement Sarup special education series
Volume number/sequential designation 5
500 ## - GENERAL NOTE
General note Includes index
650 ## - SUBJECT ADDED ENTRY--TOPICAL TERM
Topical term or geographic name as entry element Hearing impaired children--Education
9 (RLIN) 22666
650 ## - SUBJECT ADDED ENTRY--TOPICAL TERM
Topical term or geographic name as entry element Deaf children--Education
9 (RLIN) 22667
942 ## - ADDED ENTRY ELEMENTS (KOHA)
Source of classification or shelving scheme Dewey Decimal Classification
Koha item type English Books
Classification part 371.912
Call number suffix VIJ
Holdings
Withdrawn status Lost status Damaged status Not for loan Home library Current library Date acquired Source of acquisition Cost, normal purchase price Total Checkouts Full call number Barcode Date last seen Copy number Cost, replacement price Price effective from Koha item type Source of classification or shelving scheme
        Central Library Central Library 01/07/2015 Cen Lib/Ret 450.00   371.912 VIJ B-121771 01/07/2015 1 450.00 01/07/2015 English Books  
        Sarojini Nagar Sarojini Nagar 08/02/2019       371.912 VIJ B-121775 08/02/2019     08/02/2019 English Books Dewey Decimal Classification

© Delhi Public Library
Hit Counter
free hit counter